000 01207nam a2200241Ia 4500
999 _c53479
_d53479
001 20525
003 GE_BSU
005 20250718164929.0
008 181216s2017||||ge |||||||||||||| ||geo||
040 _cGE_BSU
041 _ageo
080 _a27-36 თ-54
245 _aႧვენი. [ტ.] 12, 21 აპრილი - 30 აპრილი (ახალი სტილით 4 მაისი - 13 მაისი) /
_cპროექტის ავტორი და რედაქტორი თამარ მამაცაშვილი ; შემდგენელი სოფიო თავაძე ; დიზაინერი რატი თორდია.
264 _aთბილისი :
_bპალიტრა L,
_c2017.
300 _a344 გვ. ;
_c22 სმ.
490 _aჟურნალ "კარიბჭის" ბიბლიოთეკა
541 _h6 ლ.
653 _aთვენი. 21 აპრილი -30 აპრილი. 12
653 _aრელიგია
653 _aმართლმადიდებლური ეკლესია
653 _aწმინდანთა ცხოვრება
942 _cBK
_2udc